Les 20 pays les plus pauvres du monde en 2025 - mort subite - Statistiques

Statistiques générales
  • Ce quiz a été pris 108 fois
  • Le résultat moyen est 4 sur 20
Answers on the Grid
Answers color-coded by a green-red scale on the quiz's grid according to % correct below.
Soudan du sud
Yémen
Burundi
République centrafricaine
Malawi
Madagascar
Soudan
Mozambique
République démocratique du Congo
Niger
Somalie
Nigéria
Libéria
Sierra Leone
Mali
Gambie
Tchad
Rwanda
Togo
Éthiopie
Inde
Côte d'Ivoire
Cambodge
Kirghizistan
Bangladesh
Haïti
Papouasie-Nouvelle-Guinée
Ghana
Mauritanie
Kenya
 
Statistiques - réponses
Réponse % Correct
Somalie
41%
Soudan du sud
34%
Yémen
32%
Rwanda
31%
Sierra Leone
31%
Soudan
29%
Malawi
26%
Tchad
25%
Burundi
24%
République centrafricaine
24%
Libéria
19%
Niger
19%
Gambie
16%
Mali
16%
Madagascar
13%
Togo
13%
République démocratique du Congo
12%
Nigéria
10%
Éthiopie
9%
Mozambique
4%
Aucun quiz correspondant
Distribution des résultats
% des personnes avec chaque résultat
Percentile par nombre de réponses
Votre historique - résultats
Vous n’avez pas pris ce quiz